Limón: abandonado a su suerte /
Spremljeno u:
| Glavni autor: | |
|---|---|
| Format: | Tekst |
| Oznake: |
Dodaj oznaku
Bez oznaka, Budi prvi tko označuje ovaj zapis!
|
MARC
| LEADER | 00000 a a2200000 04500 | ||
|---|---|---|---|
| 001 | 1425 | ||
| 003 | |||
| 040 | |||
| 100 | |a Morales G., Abelardo | ||
| 245 | |a Limón: |b abandonado a su suerte / |c Abelardo Morales G. | ||
| 773 | |g número 78; páginas 3-4 | ||
| 999 | |c 37512 |d 37512 | ||
